| 000 | 00338nam a2200133Ia 4500 | ||
|---|---|---|---|
| 008 | 200103s9999||||xx |||||||||||||| ||und|| | ||
| 040 | _aIMU-MPC | ||
| 082 | _aColumn-20 | ||
| 100 | _aHildebrand, F.B. | ||
| 245 | 0 | _aAdvanced Calculus for Engineers | |
| 260 |
_bPrentice-Hall of India, New Delhi _c1949 |
||
| 300 | _axiii, 594 | ||
| 942 | _cBK | ||
| 999 |
_c6496 _d6496 |
||